Géographie de la France par lettre - U / W / Y - Statistiques

Statistiques générales
  • Ce quiz a été pris 4 004 fois
    2 658 depuis la dernière actualisation
  • Le résultat moyen est 7 sur 15
Statistiques - réponses
Question 1-ère lettre Réponse % Correct
Île formant une collectivité d'outre-mer avec Futuna W Wallis
94%
Département d'Auxerre et de Sens Y Yonne
92%
Département d'Île-de-France, devant son nom à une forêt Y Yvelines
92%
Vaste région francophone belge, bordant la France du Nord à la Meurthe-et-Moselle W Wallonie
88%
Île vendéenne peuplée d'environ 5 000 habitants et où repose Philippe Pétain Y Île d'{Yeu}
75%
Commune du Gard peuplée de plus de 8 000 habitants U Uzès
53%
Sous-préfecture de Corrèze U Ussel
29%
Ville côtière des Pyrénées-Atlantiques située entre Saint-Jean-de-Luz et Hendaye U Urrugne
23%
Commune essonnienne peuplée d'un peu moins de 30 000 habitants Y Yerres
23%
Sous-préfecture de Haute-Loire Y Yssingeaux
23%
Ville peuplée de 40 000 habitants dans l'agglomération de Lille W Wattrelos
19%
Ville de Seine-Maritime, capitale du pays de Caux Y Yvetôt
18%
Vallée de l'est des Alpes-de-Haute-Provence. Barcelonnette en est la ville principale U Ubaye
16%
Ancienne sous-préfecture du Bas-Rhin, à l'extrême nord de l'Alsace W Wissembourg
16%
Ville de 12 000 habitants dans la banlieue de Moulins Y Yzeure
15%
Aucun quiz correspondant
Distribution des résultats
% des personnes avec chaque résultat
Percentile par nombre de réponses
Votre historique - résultats
Vous n’avez pas pris ce quiz depuis la dernière actualisation